| Поле | Название | Значение |
| |
Тип записи |
a |
| |
Библиографический уровень |
m |
| 001 |
Контрольный номер |
RU/URAIT/562628 |
| 005 |
Дата корректировки |
20260429163643.6 |
| 008 |
Кодируемые данные |
260429s2025 RU y f j 000 0 rus u |
| 020 |
Индекс ISBN |
__ |
| a |
ISBN |
978-5-534-08185-5 |
| c |
Цена, тираж |
1929.00 |
| 040 |
Источник каталогиз. |
__ |
| a |
Служба первич. каталог. |
ИКО Юрайт |
| c |
Служба, преобразующая запись |
ИКО Юрайт |
| e |
Правила каталог. |
RCR |
| 041 |
Код языка издания |
__ |
| a |
Код языка текста |
rus |
| 044 |
Код страны публикации |
__ |
| a |
Код страны публикации |
RU |
| 080 |
Индекс УДК |
__ |
| a |
Индекс УДК |
619(075.8) |
| 084 |
Индекс другой классификации/Индекс ББК |
__ |
| 2 |
Источник индекса |
rubbk |
| a |
Индекс другой классификации/Индекс ББК |
45.2я73 |
| 100 |
Автор |
__ |
| a |
Автор |
Ленченко Е. М. |
| q |
Полное имя |
Ленченко Екатерина Михайловна |
| 245 |
Заглавие |
__ |
| a |
Заглавие |
Цитология, гистология и эмбриология |
| b |
Продолж. заглавия |
учебник для вузов |
| c |
Ответственность |
Е. М. Ленченко. |
| 250 |
Сведения об издании |
__ |
| g |
|
испр. и доп |
| a |
Основные сведения об издании |
2-е изд. |
| 256 |
Характеристики компьютерного файла |
__ |
| a |
Характеристики компьютерного файла |
Электрон. дан. |
| 260 |
Выходные данные |
__ |
| a |
Место издания |
Москва |
| b |
Издательство |
Юрайт |
| c |
Дата издания |
2025 |
| 300 |
Физическое описание |
__ |
| a |
Объем |
355 с |
| 440 |
Серия |
__ |
| a |
Серия |
Высшее образование |
| 500 |
Примечания |
__ |
| a |
Примечание |
URL: https://urait.ru/bcode/562628 (дата обращения: 29.04.2026). |
| 520 |
Аннотация |
__ |
| a |
Аннотация |
Материал учебника изложен с подробным раскрытием фундаментальных данных по цитологии, гистологии, эмбриологии, на молекулярном, клеточном, органом, системном уровнях организации живой материи. Основное внимание уделено прикладным аспектам биотехнологии. Подробно изложены видовые особенности продуктов убоя сельскохозяйственных животных, в том числе птицы, строению органов и систем беспозвоночных и низших позвоночных животных (членистоногих, моллюсков, рыб, земноводных и др.), а также приведены особенности микроструктуры сырья растительного происхождения. Приобретенные знания позволят будущим специалистам определять состав пищевых изделий, использованного сырья, непредусмотренных компонентов на соответствие требованиям нормативной базы, законов Российской Федерации и международных стандартов. |
| 538 |
Прим. о системных особенностях |
__ |
| a |
Прим. о системных особенностях |
Режим доступа: Электронно-библиотечная система Юрайт, для авториз. пользователей |
| 653 |
Ключевые слова |
__ |
| a |
Ключевые слова |
Биология и биотехнологии |
| 653 |
Ключевые слова |
__ |
| a |
Ключевые слова |
Естественные науки |
| 653 |
Ключевые слова |
__ |
| a |
Ключевые слова |
Общая гистология и эмбриология рыб |
| 653 |
Ключевые слова |
__ |
| a |
Ключевые слова |
Цитология |
| 653 |
Ключевые слова |
__ |
| a |
Ключевые слова |
Цитология, гистология, эмбриология |
| 653 |
Ключевые слова |
__ |
| a |
Ключевые слова |
Цитология микроорганизмов |
| 653 |
Ключевые слова |
__ |
| a |
Ключевые слова |
Гистология и эмбриология рыб |
| 653 |
Ключевые слова |
__ |
| a |
Ключевые слова |
Гистология, эмбриология, цитология |
| 653 |
Ключевые слова |
__ |
| a |
Ключевые слова |
Гистология, цитология, эмбриология |
| 653 |
Ключевые слова |
__ |
| a |
Ключевые слова |
Цитология прокариот |
| 653 |
Ключевые слова |
__ |
| a |
Ключевые слова |
Цитология, гистология и эмбриология |
| 653 |
Ключевые слова |
__ |
| a |
Ключевые слова |
Общая цитология |
| 653 |
Ключевые слова |
__ |
| a |
Ключевые слова |
Основы гистологии, цитологии и эмбриологии |
| 653 |
Ключевые слова |
__ |
| a |
Ключевые слова |
Цитология и систематика микроорганизмов |
| 653 |
Ключевые слова |
__ |
| a |
Ключевые слова |
Общая цитология, гистология и эмбриология |
| 653 |
Ключевые слова |
__ |
| a |
Ключевые слова |
Цитология, гистология |
| 653 |
Ключевые слова |
__ |
| a |
Ключевые слова |
Биотехнология с основами цитологии |
| 653 |
Ключевые слова |
__ |
| a |
Ключевые слова |
Гистология с основами цитологии |
| 653 |
Ключевые слова |
__ |
| a |
Ключевые слова |
Эмбриология человека |
| 653 |
Ключевые слова |
__ |
| a |
Ключевые слова |
Цитология, генетика и прикладная биология |
| 653 |
Ключевые слова |
__ |
| a |
Ключевые слова |
Сравнительная эмбриология позвоночных |
| 653 |
Ключевые слова |
__ |
| a |
Ключевые слова |
Цитология и гистология с основами эмбриологии |
| 653 |
Ключевые слова |
__ |
| a |
Ключевые слова |
Биология: Цитология |
| 653 |
Ключевые слова |
__ |
| a |
Ключевые слова |
Методы цитологических и генетических исследований |
| 653 |
Ключевые слова |
__ |
| a |
Ключевые слова |
Гистология, эмбриология и цитология |
| 653 |
Ключевые слова |
__ |
| a |
Ключевые слова |
Цитология, гистология и эмбриология животных |
| 653 |
Ключевые слова |
__ |
| a |
Ключевые слова |
Цитология с основами гистологии |
| 653 |
Ключевые слова |
__ |
| a |
Ключевые слова |
Гистология, цитология |
| 653 |
Ключевые слова |
__ |
| a |
Ключевые слова |
Цитология, эмбриология и гистология |
| 856 |
Электронный адрес документа |
40 |
| n |
Местонахождение сервера |
Юрайт |
| g |
|
Электронная книга |
| q |
Тип электронного формата |
html |
| h |
Имя пользователя |
ЮРАЙТ |
| v |
Часы доступа к ресурсу |
20271231 |
| 2 |
Способ доступа |
Показать документ |
| x |
Служебное примечание |
https://urait.ru/book/cover/87737F20-0A1E-4107-AE25-B9B7741ECD11 |
| u |
URL |
https://urait.ru/bcode/562628 |
| 856 |
Электронный адрес документа |
48 |
| q |
Тип электронного формата |
cover |
| u |
URL |
https://urait.ru/book/cover/87737F20-0A1E-4107-AE25-B9B7741ECD11 |
| 911 |
|
__ |
| u |
|
0030=https://urait.ru/bcode/562628 |
| 911 |
|
__ |
| u |
|
073a=9785534081855 |
| u |
|
073d=1929.00 |
| 911 |
|
__ |
| u |
|
106a=s |
| 911 |
|
__ |
| u |
|
900l= |
| 952 |
Тип литературы |
__ |
| i |
Дисциплина |
Общая гистология и эмбриология рыб |
| 952 |
Тип литературы |
__ |
| i |
Дисциплина |
Цитология |
| 952 |
Тип литературы |
__ |
| i |
Дисциплина |
Цитология, гистология, эмбриология |
| 952 |
Тип литературы |
__ |
| i |
Дисциплина |
Цитология микроорганизмов |
| 952 |
Тип литературы |
__ |
| i |
Дисциплина |
Гистология и эмбриология рыб |
| 952 |
Тип литературы |
__ |
| i |
Дисциплина |
Гистология, эмбриология, цитология |
| 952 |
Тип литературы |
__ |
| i |
Дисциплина |
Гистология, цитология, эмбриология |
| 952 |
Тип литературы |
__ |
| i |
Дисциплина |
Цитология прокариот |
| 952 |
Тип литературы |
__ |
| i |
Дисциплина |
Цитология, гистология и эмбриология |
| 952 |
Тип литературы |
__ |
| i |
Дисциплина |
Общая цитология |
| 952 |
Тип литературы |
__ |
| i |
Дисциплина |
Основы гистологии, цитологии и эмбриологии |
| 952 |
Тип литературы |
__ |
| i |
Дисциплина |
Цитология и систематика микроорганизмов |
| 952 |
Тип литературы |
__ |
| i |
Дисциплина |
Общая цитология, гистология и эмбриология |
| 952 |
Тип литературы |
__ |
| i |
Дисциплина |
Цитология, гистология |
| 952 |
Тип литературы |
__ |
| i |
Дисциплина |
Биотехнология с основами цитологии |
| 952 |
Тип литературы |
__ |
| i |
Дисциплина |
Гистология с основами цитологии |
| 952 |
Тип литературы |
__ |
| i |
Дисциплина |
Эмбриология человека |
| 952 |
Тип литературы |
__ |
| i |
Дисциплина |
Цитология, генетика и прикладная биология |
| 952 |
Тип литературы |
__ |
| i |
Дисциплина |
Сравнительная эмбриология позвоночных |
| 952 |
Тип литературы |
__ |
| i |
Дисциплина |
Цитология и гистология с основами эмбриологии |
| 952 |
Тип литературы |
__ |
| i |
Дисциплина |
Биология: Цитология |
| 952 |
Тип литературы |
__ |
| i |
Дисциплина |
Методы цитологических и генетических исследований |
| 952 |
Тип литературы |
__ |
| i |
Дисциплина |
Гистология, эмбриология и цитология |
| 952 |
Тип литературы |
__ |
| i |
Дисциплина |
Цитология, гистология и эмбриология животных |
| 952 |
Тип литературы |
__ |
| i |
Дисциплина |
Цитология с основами гистологии |
| 952 |
Тип литературы |
__ |
| i |
Дисциплина |
Гистология, цитология |
| 952 |
Тип литературы |
__ |
| i |
Дисциплина |
Цитология, эмбриология и гистология |